000 00362nam a2200133 i 4500
001 bg
100 1 _aSMOKTUNOWICZ, Eugeniusz
245 0 _aPrzegląd systemów płac pracowników budownictwa w wybranych krajach /
_cE. Smoktunowicz.
260 _aWarszawa,
_c1981.
040 _cBPK
041 _apol
942 _cKS
008 s pl f |000 0 pol
999 _c19979
_d19979
856 _uhttp://koha.tu.koszalin.pl/cgi-bin/koha/opac-detail.pl?biblionumber=19979
_yKatalog online BPK